000
00310nam a2200133Ia 4500
008
191201s2001 xx 000 0 und d
100
_a
GILL,P S
245
0
_a
Engineering Drawing
250
_a
-
260
_c
2001
_b
S K Kataria and Sons
_a
N.Delhi
300
_a
710
650
_a
APPLIED
942
_2
ddc
_c
BB
_0
130
999
_c
7223
_d
7223